000 00699nam a2200205 i 4500
001 89773
003 ES-MaACL
005 20250815110837.0
007 t|
008 050113s1922 fr ||||1| fre d
100 1 _aLaunay, Louis de (
_d1860-1938)
_970603
245 1 0 _aTraité de Géologie et de Minéralogie appliquées a l'art de l'ingénieur /
_cpar L. de Launay.
260 _aParis :
_bJ.B. Baillière et Fils,
_c1922 (
_eCorbeil :
_fCrété)
300 _a418 p. :
_bil. ;
_c23 cm.
490 1 _aEncyclopedie du gènie civil
650 0 7 _aGeología
_2embne
_913086
830 0 _aEncyclopedie du gènie civil
_9231910
852 _aES-MaACL
_jB-12199
999 _c89773
_d89773